A drop of water : (Record no. 288246)
[ view plain ]
| 000 -LEADER | |
|---|---|
| fixed length control field | 00450nam a2200133Ia 4500 |
| 008 - FIXED-LENGTH DATA ELEMENTS--GENERAL INFORMATION | |
| fixed length control field | 150610s9999 xx 000 0 und d |
| 020 ## - INTERNATIONAL STANDARD BOOK NUMBER | |
| International Standard Book Number | 0590023195 |
| 050 ## - LIBRARY OF CONGRESS CALL NUMBER | |
| Classification number | GB662.3 |
| Item number | .W53 1998 |
| 100 ## - MAIN ENTRY--PERSONAL NAME | |
| Personal name | Wick, Walter, 1953- |
| 245 #2 - TITLE STATEMENT | |
| Title | A drop of water : |
| Remainder of title | a book of science and wonder / |
| Statement of responsibility, etc | written and photographed by Walter Wick. |
| 260 ## - PUBLICATION, DISTRIBUTION, ETC. (IMPRINT) | |
| Place of publication, distribution, etc | New York : |
| Name of publisher, distributor, etc | Scholastic, |
| Date of publication, distribution, etc | 1998. |
| 300 ## - PHYSICAL DESCRIPTION | |
| Extent | 40pages : |
| Other physical details | col. illustrations ; |
| Dimensions | 29 cm. |
| 650 ## - SUBJECT ADDED ENTRY--TOPICAL TERM | |
| General subdivision | Water. |
| Withdrawn status | Lost status | Damaged status | Home library | Current library | Shelving location | Date acquired | Total Checkouts | Full call number | Barcode | Date last seen | Price effective from | Koha item type |
|---|---|---|---|---|---|---|---|---|---|---|---|---|
| Stonyhurst Southville International School (Batangas) | Stonyhurst Southville International School (Batangas) | High School Section | 06/10/2015 | GB 662.3 .W53 1998 | US-1079 | 06/10/2015 | 06/10/2015 | Books |